La confesión de Micaela / (Registro nro. 3288)

Detalles MARC
000 -LEADER
fixed length control field 01038nam a2200193 a 4500
008 - CAMPO DE CONTROL (LIBRO)
fixed length control field 171103e2015 ag ||||g |||| 00| 1 spa d
020 ## - INTERNATIONAL STANDARD BOOK NUMBER
ISBN 9789500750509
041 ## - CODIGO DE IDIOMA
Código de idioma del texto/pista de sonido o título separado spa
092 ## - SIGNATURA TOPOGRAFICA DEWEY LOCAL
número de clasificación 808
libristica 14
sección CUR
100 1# - ENTRADA PRINCIPAL--NOMBRE PERSONAL
Nombre personal Curbelo, Cecilia.
9 (RLIN) 4335
245 #3 - TITULO PROPIAMENTE DICHO
Título La confesión de Micaela /
Mención de responsabilidad y remanente de la transcripción de la portada Cecilia Curbelo
250 ## - MENCION DE EDICION
Mención de edición 1a ed.
Mención de responsabilidad relacionada con la ed. Ilustrado por Agustina Boni
260 ## - PIE DE IMPRENTA
Lugar de publicación, distribución, etc Buenos Aires:
Nombre de la editorial, distribuidor, etc Sudamericana;
Fecha de publicación 2015.
300 ## - DESCRIPCION FISICA
Extension 304 p.
Dimensiones 15x22 cm.
500 ## - NOTA GENERAL
Nota general Curbelo, C. (2015). La confesión de Micaela. (1a ed.). Buenos Aires : Sudamericana.
505 ## - NOTA DE CONTENIDO
Nota de contenido formateada Micaela abre su Twitter y se encuentra con una palabra que la destruye: TRAIDORA. Lo peor es que esa acusación proviene de su mejor amiga. Constanza. A partir de ese momento, Mica intenta recomponer la historia que la llevó a actuar como actuó. En ese camino de recuerdos y pensamientos, de luchas y confesiones, saldrán a la luz secretos muy dolorosos. ¿Qué hará al final? ¡Su destino depende de lo que tú decidas que ella haga!
655 ## - MATERIA - GENERO/FORMA
Género/Forma Literatura
-- 2917
942 ## - ADDED ENTRY ELEMENTS (KOHA)
Source of classification or shelving scheme Dewey Decimal Classification
Item type LITERATURA
Existencias
Estado de retiro Existencia Fuente de clasificación Estado general No para prestamo Ubicación permanente ubicación actual Sala de ubicación Fecha de adquisición Fuente de adquisición Total Checkouts Número de clasificación Código de barras Date last seen Número de ejemplar Price effective from Koha tipo de elemento (item) Public note Coded location qualifier
    Dewey Decimal Classification     Biblioteca Medicina Biblioteca Medicina Circulación 25/07/2025 Donación Navarro, Adriana. Julio 2025   808 14 CUR 5063 25/07/2025 Ej. 1 25/07/2025 LITERATURA Donación Navarro, Adriana. Julio 2025. Sede Tordos.  

UNIVERSIDAD NACIONAL DEL COMAHUE
Biblioteca de la Facultad de Ciencias Médicas
Sede Toschi: Los Arrayanes y Av. Toschi, Cipolletti  - Rio Negro
Sede Los Tordos:  Yrigoyen al 2211, Cipolletti - Rio Negro 

Teléfono: 0299 - 4774707 int 25
Contacto: biblioteca@facimed.uncoma.edu.ar
© 2011 - 2026